Test de aptitudes diferenciales DAT : (Registro nro. 3570)

Detalles MARC
000 -CABECERA
campo de control de longitud fija 01053nom a22002417a 4500
003 - IDENTIFICADOR DEL NÚMERO DE CONTROL
campo de control AR-RoIUNI
005 - FECHA Y HORA DE LA ÚLTIMA TRANSACCIÓN
campo de control 20170612081054.0
007 - CAMPO FIJO DE DESCRIPCIÓN FÍSICA--INFORMACIÓN GENERAL
campo de control de longitud fija ou
008 - DATOS DE LONGITUD FIJA--INFORMACIÓN GENERAL
campo de control de longitud fija 170609s2010 ag |||||r|||| 00| 0 spa d
040 ## - FUENTE DE LA CATALOGACIÓN
Lengua de catalogación spa
Centro/agencia transcriptor AR-RoIUNI
Normas de descripción aarc2
080 ## - NÚMERO DE LA CLASIFICACIÓN DECIMAL UNIVERSAL
Número de la Clasificación Decimal Universal 159.9.072
100 1# - ENTRADA PRINCIPAL--NOMBRE DE PERSONA
Nombre de persona Bennett, George K.
245 10 - MENCIÓN DE TÍTULO
Título Test de aptitudes diferenciales DAT :
Resto del título forma T : manual /
Mención de responsabilidad, etc. George K. Bennett, Harold G. Seashore, Alexander G. Wesman.
260 ## - PUBLICACIÓN, DISTRIBUCIÓN, ETC. (PIE DE IMPRENTA)
Lugar de publicación, distribución, etc. Buenos Aires :
Nombre del editor, distribuidor, etc. Paidós,
Fecha de publicación, distribución, etc. 2010.
300 ## - DESCRIPCIÓN FÍSICA
Extensión 46 p. ;
Dimensiones 27 cm +
Material acompañante/anejo cuadernillos varios
500 ## - NOTA GENERAL
Nota general Acompañan el manual: (6) cuadernos DAT (RV, C, RA, V-P, RM, RE, L .. Contiene parte I: O y parte II: L) ; Lista de respuestas correctas ; Hoja de respuestas ; Formulario de informe individual ; (4) Claves / transparencias.
505 0# - NOTA DE CONTENIDO CON FORMATO
Nota de contenido con formato I. Una batería integrada de test de orientación -- II. Administración y puntuación -- III. Normas y perfiles -- IV. Indicadores estadísticos.
650 #4 - PUNTO DE ACCESO ADICIONAL DE MATERIA--TÉRMINO DE MATERIA
Término de materia o nombre geográfico como elemento inicial PSICOLOGÍA
650 #4 - PUNTO DE ACCESO ADICIONAL DE MATERIA--TÉRMINO DE MATERIA
Término de materia o nombre geográfico como elemento inicial TEST
700 1# - PUNTO DE ACCESO ADICIONAL--NOMBRE DE PERSONA
Nombre de persona Seashore, Harold G.
700 1# - PUNTO DE ACCESO ADICIONAL--NOMBRE DE PERSONA
Nombre de persona Wesman, Alexander G.
942 ## - ELEMENTOS DE PUNTO DE ACCESO ADICIONAL (KOHA)
Fuente del sistema de clasificación o colocación Clasificación Decimal Universal
Tipo de ítem Koha Material variado
Existencias
Estado de retiro Estado de pérdida Fuente del sistema de clasificación o colocación Estado dañado Excepción de préstamo Localización permanente Ubicación/localización actual Ubicación en estantería Fecha de adquisición Fuente de adquisición Número de inventario Total de préstamos Signatura topográfica completa Código de barras Fecha visto por última vez Número de copia Precio válido a partir de Tipo de ítem Koha
    Clasificación Decimal Universal     BIBLIOTECA RIOBAMBA BIBLIOTECA RIOBAMBA BIBLIOTECA RIOBAMBA 09/06/2017 Compra 3698   159.9.072 BEN 3698 09/06/2017 1 09/06/2017 Material variado